| 000 | 00683nam a2200205 i 4500 | ||
|---|---|---|---|
| 001 | 161170 | ||
| 003 | ES-MaACL | ||
| 005 | 20230906212216.0 | ||
| 008 | 050711s1872 gw |||| | eng d | ||
| 040 |
_aCAM _bspa _cCAM |
||
| 100 | 0 |
_aOuida ( _d1839-1908) _9130750 |
|
| 245 | 1 | 0 |
_aFolle-Farine / _cby Ouida. |
| 260 |
_aLeipzig : _bBernhard Tauchnitz, _c1872. |
||
| 300 |
_a2 v: (327; 318 p.) ; _c16 cm. |
||
| 490 | 1 |
_aCollection of British Authors ; _v1195; 1196 |
|
| 594 | _aOuida es seud. de Louise de La Ramée. | ||
| 830 | 0 |
_aCollection of British Authors ; _v1195; 1196 _9180703 |
|
| 852 |
_aES-MaACL _jG-12676 _z-- Enc. hol. _z-- Enc. 2 t. en 1 v. |
||
| 999 |
_c161170 _d161170 |
||